000 00572nam a2200145 4500
999 _c15522
_d15522
008 200527b ||||| |||| 00| 0 eng d
022 _a2094-8042
082 _aDPer 370.105 M72 June 2010-Mar 2011 v. 59 n. 1-10
100 _aManalo, Eppie A.
_942222
245 _aA positive approach to learners' errors:
_benhancing communication in the language classroom/
_cEppie A. Manalo.
260 _aPhilippines:
_bIn the Grade School, Inc.,
_cc2010-2011.
300 _av59 n6, page 224-225:
_billustrations;
_c28 cm.
650 _aLanguage
_942161
_xCommunication.
942 _2ddc
_cPER